[Event "AUTO-ADV-45"]
[Site "http://www.queenalice.com/game.php?id=38358"]
[Date "2005.11.17"]
[Round "2"]
[White "Gebot"]
[Black "David33"]
[Result "0-1"]
[WhiteElo "1815"]
[BlackElo "2110"]

1. d4 d5 2. g3 Nf6 3. Bg2 e6 4. Bg5 c5 5. Nf3 Qb6 6. b3 Ne4 7. Be3 Nc6 8. O-O
cxd4 9. Nxd4 Bc5 10. Nxc6 Bxe3 11. Bxe4 dxe4 12. Ne5 Bd4 13. Nc4 Qd8 14. c3 Bc5
15. Qxd8+ Kxd8 16. Ne5 Ke7 17. a4 Bd6 18. Nc4 Bc7 19. Nbd2 f5 20. b4 g5 21. a5
a6 22. f3 exf3 23. Nxf3 Kf6 24. Rad1 e5 25. e4 f4 26. Rd5 Be6 27. Rc5 Bb8 28.
Nb6 Bd6 29. Nxa8 Bxc5+ 30. bxc5 Rxa8 31. gxf4 gxf4 0-1

[Event "AUTO-ADV-45"]
[Site "http://www.queenalice.com/game.php?id=38359"]
[Date "2005.11.17"]
[Round "2"]
[White "David33"]
[Black "Gebot"]
[Result "1-0"]
[WhiteElo "2107"]
[BlackElo "1820"]

1. e4 e6 2. d4 b6 3. Nf3 Bb7 4. Bd3 Nf6 5. e5 Nd5 6. O-O c5 7. dxc5 Bxc5 8. c3
h6 9. Nbd2 Nc6 10. Ne4 Qc7 11. Nxc5 bxc5 12. Re1 O-O-O 13. Qe2 f5 14. exf6 gxf6
15. Ba6 Ne5 16. Bxb7+ Kxb7 17. Nxe5 fxe5 18. Qxe5 Rdg8 19. Qxc7+ Kxc7 20. Bd2 h5
21. c4 Nb4 22. Bxb4 cxb4 23. b3 h4 24. g3 hxg3 25. fxg3 Rg5 26. Rad1 Rh7 27. Rd2
Re7 28. Kg2 Rf7 29. Rf2 Rh7 30. Ref1 Rgh5 31. h4 a5 32. Rf7 1-0

[Event "AUTO-ADV-45"]
[Site "http://www.queenalice.com/game.php?id=38360"]
[Date "2005.11.17"]
[Round "2"]
[White "Gebot"]
[Black "cacobaju"]
[Result "0-1"]
[WhiteElo "1718"]
[BlackElo "1732"]

1. d4 d5 2. g3 Nc6 3. c3 Bf5 4. Bg2 e6 5. Nd2 Nf6 6. Ngf3 Ne4 7. O-O Be7 8. Nxe4
Bxe4 9. Ne5 Bxg2 10. Kxg2 Nxe5 11. dxe5 O-O 12. h4 c5 13. Bf4 f6 14. Qd3 c4 15.
Qc2 b5 16. h5 fxe5 17. Bxe5 Rf5 18. Bf4 Rxh5 19. Rh1 Rxh1 20. Rxh1 g6 21. Qd2 g5
0-1

[Event "AUTO-ADV-45"]
[Site "http://www.queenalice.com/game.php?id=38361"]
[Date "2005.11.17"]
[Round "2"]
[White "cacobaju"]
[Black "Gebot"]
[Result "1-0"]
[WhiteElo "1747"]
[BlackElo "1703"]

1. e4 c5 2. Nc3 Nc6 3. Nf3 e6 4. Bb5 a6 5. Bxc6 dxc6 6. O-O b5 7. d3 Nf6 8. Bg5
Be7 9. e5 Nd5 10. Nxd5 cxd5 11. Bxe7 Qxe7 12. d4 Bb7 13. c3 c4 14. b4 a5 15. a3
a4 16. h4 h6 17. g4 O-O-O 18. Kh2 f5 19. Rg1 g5 20. h5 Rdf8 21. Qc2 1-0

[Event "AUTO-MASTER-71"]
[Site "http://www.queenalice.com/game.php?id=38429"]
[Date "2005.11.18"]
[Round "1"]
[White "Marcelo"]
[Black "Gebot"]
[Result "1-0"]
[WhiteElo "1595"]
[BlackElo "1650"]

1. d4 d5 2. Bf4 Nf6 3. e3 Bf5 4. Nc3 e6 5. Nb5 Bd6 6. Nxd6+ cxd6 7. Nf3 h6 8.
Nh4 Bh7 9. Bd3 Bxd3 10. Qxd3 g5 11. Bxd6 Qa5+ 12. c3 Nc6 13. O-O gxh4 14. Qd1
O-O-O 15. Be5 Nxe5 16. dxe5 Nd7 17. f4 h5 18. Rf3 Rdg8 19. Rh3 Rg4 20. g3 Qb6
21. Qd2 Rhg8 22. Kh1 hxg3 23. hxg3 Rxg3 24. Rxg3 Rxg3 25. Re1 h4 26. b4 f6 27.
Qh2 fxe5 28. fxe5 Rxe3 29. Rxe3 1-0

[Event "AUTO-MASTER-71"]
[Site "http://www.queenalice.com/game.php?id=38430"]
[Date "2005.11.18"]
[Round "1"]
[White "Gebot"]
[Black "Marcelo"]
[Result "0-1"]
[WhiteElo "1670"]
[BlackElo "1575"]

1. d4 d5 2. g3 Bf5 3. Bg2 e6 4. Nc3 Bb4 5. a3 Bxc3+ 6. bxc3 Nf6 7. Bg5 Nbd7 8.
Nf3 h6 9. Bxf6 Qxf6 10. O-O O-O 11. Rb1 b6 12. Nh4 Bh7 13. f4 c5 14. Nf3 c4 15.
Ne5 Nxe5 16. dxe5 Qf5 17. Rb2 Qh5 18. Bf3 Qf5 19. Bg2 Rfb8 20. Re1 a5 21. Qd4 b5
22. e4 dxe4 23. Bxe4 Qg4 24. Bxa8 Rxa8 25. Rxb5 Bxc2 26. Qxc4 Qf5 27. Rb2 Bd3
28. Qc6 Ra6 0-1

[Event "AUTO-MASTER-71"]
[Site "http://www.queenalice.com/game.php?id=38435"]
[Date "2005.11.18"]
[Round "1"]
[White "refutor"]
[Black "Gebot"]
[Result "1-0"]
[WhiteElo "1734"]
[BlackElo "1786"]

1. d4 d5 2. c4 dxc4 3. Nf3 Nc6 4. e3 Bg4 5. Bxc4 e6 6. O-O g5 7. Nbd2 h5 8. h3
Bf5 9. e4 Bg6 10. Nb3 Bg7 11. Bxg5 Nge7 12. Bb5 O-O 13. Bxc6 bxc6 14. Nc5 Rb8
15. b3 Qe8 16. Re1 Nc8 17. Qd2 Nd6 18. e5 Nf5 19. Na6 Rb7 20. Nc5 Rb6 21. Nh4
Kh7 22. Nxg6 fxg6 23. Qc3 Bh6 24. Bxh6 Nxh6 25. Qc4 Rf5 26. Qxe6 Qxe6 27. Nxe6
Rb7 28. Rac1 Ng8 29. Rxc6 Ne7 30. Rxc7 Rxc7 31. Nxc7 g5 32. d5 g4 33. d6 Nc6 34.
e6 gxh3 35. e7 1-0

[Event "AUTO-MASTER-71"]
[Site "http://www.queenalice.com/game.php?id=38436"]
[Date "2005.11.18"]
[Round "1"]
[White "Gebot"]
[Black "refutor"]
[Result "0-1"]
[WhiteElo "1810"]
[BlackElo "1727"]

1. d4 Nf6 2. c4 e6 3. Nc3 Bb4 4. Bd2 O-O 5. e3 b6 6. Bd3 Bb7 7. Nf3 d5 8. a3
Bxc3 9. Bxc3 c5 10. O-O Nc6 11. b4 cxb4 12. axb4 dxc4 13. Bxc4 Ne4 14. Qc2 Nxc3
15. Qxc3 Qd6 16. b5 Ne7 17. Ng5 h6 18. Nh3 Nf5 19. f3 Rac8 20. Qb3 Rxc4 21. Qxc4
Nxe3 22. Rfe1 Nxc4 0-1

[Event "AUTO-OPEN-122"]
[Site "http://www.queenalice.com/game.php?id=43024"]
[Date "2005.12.11"]
[Round "2"]
[White "salso"]
[Black "Gebot"]
[Result "1-0"]
[WhiteElo "1995"]
[BlackElo "1748"]

1. d4 e6 2. e4 c5 3. Nf3 cxd4 4. Nxd4 Bc5 5. c3 Qh4 6. Qc2 Nf6 7. Nd2 Nc6 8. g3
Qg4 9. h3 Qg6 10. N4f3 O-O 11. Nh4 Qh5 12. Be2 Qe5 13. f4 Qc7 14. Nc4 d5 15.
exd5 exd5 16. Ne3 Bxe3 17. Bxe3 Ne4 18. g4 g5 19. Ng2 gxf4 20. Bxf4 1-0

[Event "AUTO-OPEN-122"]
[Site "http://www.queenalice.com/game.php?id=43025"]
[Date "2005.12.11"]
[Round "2"]
[White "Gebot"]
[Black "salso"]
[Result "0-1"]
[WhiteElo "1742"]
[BlackElo "2001"]

1. e4 e6 2. Bc4 d5 3. exd5 exd5 4. Bb3 Nf6 5. d3 Nc6 6. Bf4 Nd4 7. c3 Nxb3 8.
axb3 Bd6 9. Bxd6 Qxd6 10. Nf3 Bg4 11. h3 Bxf3 12. Qxf3 O-O 13. O-O Rfe8 14. Nd2
a6 15. b4 Re7 16. b5 Rae8 17. bxa6 bxa6 18. b4 c5 19. bxc5 Qxc5 0-1